Caste in indian politics (Record no. 10571)

MARC details
000 -LEADER
fixed length control field 00560cam a2200217ua 4500
001 - CONTROL NUMBER
control field 11788
005 - DATE AND TIME OF LATEST TRANSACTION
control field 20260515114811.0
008 - FIXED-LENGTH DATA ELEMENTS--GENERAL INFORMATION
fixed length control field 191107n ii |||gr||||Z||||||eng
020 ## - INTERNATIONAL STANDARD BOOK NUMBER
International Standard Book Number 9788125040132
040 ## - CATALOGING SOURCE
Transcribing agency MAIN
041 ## - LANGUAGE CODE
Language code of text/sound track or separate title eng
082 ## - DEWEY DECIMAL CLASSIFICATION NUMBER
Classification number 320.954
100 ## - MAIN ENTRY--PERSONAL NAME
Personal name Rajni Kothari,
Relator term Editor.
245 ## - TITLE STATEMENT
Title Caste in indian politics
Statement of responsibility, etc. Ed by Rajni Kothari and James Manor
250 ## - EDITION STATEMENT
Edition statement 2nd ed rep.
260 ## - PUBLICATION, DISTRIBUTION, ETC.
Place of publication, distribution, etc. Hyderabad:
Name of publisher, distributor, etc. Orient blackswan,
Date of publication, distribution, etc. 2017.
300 ## - PHYSICAL DESCRIPTION
Extent 363p.
653 ## - INDEX TERM--UNCONTROLLED
Uncontrolled term Political science
700 ## - ADDED ENTRY--PERSONAL NAME
Personal name James Manor,
Relator term Editor.
942 ## - ADDED ENTRY ELEMENTS (KOHA)
Koha item type Books
Holdings
Withdrawn status Lost status Damaged status Not for loan Home library Current library Shelving location Date acquired Total checkouts Full call number Barcode Date last seen Copy number Price effective from Koha item type
        Naharkatiya College Library Naharkatiya College Library General stacks 09/19/2020   320.954 | CAS 27187 09/19/2020 2 09/19/2020 Books
        Naharkatiya College Library Naharkatiya College Library General stacks 09/19/2020   320.954 | CAS 27188 09/19/2020 1 09/19/2020 Books